| 000 | 00431nam a2200145Ia 4500 | ||
|---|---|---|---|
| 008 | 220216s9999 xx 000 0 und d | ||
| 100 | _aCook S | ||
| 245 | 4 | _aThe Use of NMR to measure crosslink densities in elastomer blends to enhance properties | |
| 260 |
_bKautschuk Gummi Kunststoffe _c1999 |
||
| 300 | _a350-358 | ||
| 650 | _aCrosslink densities | ||
| 650 | _aElastomer blends | ||
| 650 | _aSwollen-state NMR | ||
| 942 | _cJS | ||
| 999 |
_c71133 _d71133 |
||